<?xml version="1.0" encoding="UTF-8"?>
<record
    xmlns:xsi="http://www.w3.org/2001/XMLSchema-instance"
    xsi:schemaLocation="http://www.loc.gov/MARC21/slim http://www.loc.gov/standards/marcxml/schema/MARC21slim.xsd"
    xmlns="http://www.loc.gov/MARC21/slim">

  <leader>00789nam a2200229Ia 4500</leader>
  <datafield tag="999" ind1=" " ind2=" ">
    <subfield code="c">55660</subfield>
    <subfield code="d">55660</subfield>
  </datafield>
  <controlfield tag="001">22755</controlfield>
  <controlfield tag="003">GE_BSU</controlfield>
  <controlfield tag="005">20220527130714.0</controlfield>
  <controlfield tag="008">181216s2011||||gw |||||||||||||| ||gem||</controlfield>
  <datafield tag="020" ind1=" " ind2=" ">
    <subfield code="a">9783823366799</subfield>
  </datafield>
  <datafield tag="040" ind1=" " ind2=" ">
    <subfield code="c">GE_BSU</subfield>
  </datafield>
  <datafield tag="080" ind1=" " ind2=" ">
    <subfield code="a">81'25  S-86</subfield>
  </datafield>
  <datafield tag="100" ind1=" " ind2=" ">
    <subfield code="a">Stolze, Radegundis</subfield>
    <subfield code="9">13862</subfield>
  </datafield>
  <datafield tag="245" ind1=" " ind2=" ">
    <subfield code="a">&#xDC;bersetzungstheorien : Eine Einf&#xFC;hrung. 6 Auflage</subfield>
    <subfield code="b">uberarbeitete und erweiterte Auflage. Narr Studienbucher /</subfield>
    <subfield code="c">Radegundis Stolze.</subfield>
  </datafield>
  <datafield tag="264" ind1=" " ind2=" ">
    <subfield code="a">Tubingen :</subfield>
    <subfield code="b">Narr-Verlag,</subfield>
    <subfield code="c">2011.</subfield>
  </datafield>
  <datafield tag="300" ind1=" " ind2=" ">
    <subfield code="a">311 p. ;</subfield>
    <subfield code="b">24 cm.</subfield>
  </datafield>
  <datafield tag="653" ind1=" " ind2=" ">
    <subfield code="a">Narr Studienbucher</subfield>
  </datafield>
  <datafield tag="653" ind1=" " ind2=" ">
    <subfield code="a">&#xDC;bersetzungstheorien: Eine Einf&#xFC;hrung. uberarbeitete und erweiterte Auflage.</subfield>
  </datafield>
  <datafield tag="653" ind1=" " ind2=" ">
    <subfield code="a">&#x422;&#x435;&#x43E;&#x440;&#x438;&#x44F; &#x43F;&#x435;&#x440;&#x435;&#x432;&#x43E;&#x434;&#x43E;&#x432;</subfield>
  </datafield>
  <datafield tag="653" ind1=" " ind2=" ">
    <subfield code="a">&#x10D7;&#x10D0;&#x10E0;&#x10D2;&#x10DB;&#x10DC;&#x10D8;&#x10E1; &#x10D7;&#x10D4;&#x10DD;&#x10E0;&#x10D8;&#x10D0;.</subfield>
  </datafield>
  <datafield tag="942" ind1=" " ind2=" ">
    <subfield code="c">BK</subfield>
    <subfield code="2">udc</subfield>
  </datafield>
  <datafield tag="952" ind1=" " ind2=" ">
    <subfield code="0">0</subfield>
    <subfield code="1">0</subfield>
    <subfield code="2">udc</subfield>
    <subfield code="4">0</subfield>
    <subfield code="6">8125_S86</subfield>
    <subfield code="7">0</subfield>
    <subfield code="9">81160</subfield>
    <subfield code="a">CPL</subfield>
    <subfield code="b">CPL</subfield>
    <subfield code="c">GEN</subfield>
    <subfield code="d">2018-12-17</subfield>
    <subfield code="g">99.00</subfield>
    <subfield code="o">81'25  S-86</subfield>
    <subfield code="p">58270</subfield>
    <subfield code="r">2018-12-17</subfield>
    <subfield code="t">58270</subfield>
    <subfield code="w">2018-12-17</subfield>
    <subfield code="y">BK</subfield>
    <subfield code="z">99 &#x10DA;.</subfield>
  </datafield>
</record>
